| Record ID | ia:dyingdollar0000unse |
| Source | Internet Archive |
| Download MARC XML | https://archive.org/download/dyingdollar0000unse/dyingdollar0000unse_marc.xml |
| Download MARC binary | https://www.archive.org/download/dyingdollar0000unse/dyingdollar0000unse_meta.mrc |
LEADER: 01547cam 2200433 4500
001 ocm00380786
003 OCoLC
005 20200324170546.0
008 720725s1972 ilu b 001 0 eng
010 $a 76187408
040 $aDLC$beng$cDLC$dBTCTA$dOCLCO$dOCLCF$dOCLCQ$dOCLCO$dOCL$dALMSI$dOCLCQ
019 $a1038089964$a1069269760
035 $a(OCoLC)380786$z(OCoLC)1038089964$z(OCoLC)1069269760
043 $an-us---
050 00 $aHG538$b.K723
082 00 $a330.9/73/092
100 1 $aKrefetz, Gerald.
245 14 $aThe dying dollar.
250 $a[1st ed.
260 $aChicago]$bP[layboy] P[ress],$c[1972]
300 $ax, 242 pages$c22 cm
336 $atext$btxt$2rdacontent
337 $aunmediated$bn$2rdamedia
338 $avolume$bnc$2rdacarrier
504 $aIncludes bibliographical references (pages 235-237).
650 0 $aInflation (Finance)$zUnited States.
651 0 $aUnited States$xEconomic conditions$y1961-1971.
650 0 $aInvestments$zUnited States.
650 0 $aInvestments$xEffect of inflation on.
650 7 $aEconomic history.$2fast$0(OCoLC)fst00901974
650 7 $aInflation (Finance)$2fast$0(OCoLC)fst00972450
650 7 $aInvestments.$2fast$0(OCoLC)fst00978234
650 7 $aInvestments$xEffect of inflation on.$2fast$0(OCoLC)fst00978257
651 7 $aUnited States.$2fast$0(OCoLC)fst01204155
648 7 $a1961-1971$2fast
938 $aBaker and Taylor$bBTCP$n76187408 //r923
029 1 $aAU@$b000000184117
994 $aZ0$bP4A
948 $hNO HOLDINGS IN P4A - 191 OTHER HOLDINGS